Investigación educativa: fundamentos y metodologías
Saved in:
| Main Authors: | , , |
|---|---|
| Format: | Book |
| Language: | Spanish |
| Published: |
Madrid
Labor
1992
|
| Series: | Labor Universitaria
|
| Subjects: | |
| Tags: |
Add Tag
No Tags, Be the first to tag this record!
|
MARC
| LEADER | 00000nam a2200000 a 4500 | ||
|---|---|---|---|
| 001 | UCX8958 | ||
| 003 | CL-VaPUC | ||
| 008 | 940509e19920000SP |||||||||||||||||spa|d | ||
| 082 | 0 | 4 | |a 370.78 |b ARN |2 21 |
| 100 | 0 | |a Arnal Agustín, Justo |e author |9 326212 | |
| 700 | 0 | |a Rincon, Delio del |e author |9 326213 | |
| 700 | |a Latorre Beltrán, Antonio |e author |9 476986 | ||
| 245 | 1 | 0 | |a Investigación educativa: fundamentos y metodologías |
| 300 | |a 278 p | ||
| 942 | |c BK | ||
| 945 | |d 19940509 00:00:00 |a rbrito | ||
| 260 | |a Madrid |b Labor |c 1992 | ||
| 650 | 0 | |a Investigación educacional |9 261192 | |
| 583 | |a last modification |c 19940509 00:00:00 |k Rodrigo Vera | ||
| 490 | 0 | |a Labor Universitaria | |
| 999 | |c 228321 |d 228319 | ||
| 952 | |0 0 |1 0 |4 0 |6 370_780000000000000_ARN_1992 |7 0 |8 A |9 228264 |a BIBEDU |b BIBEDU |d 2019-11-15 |i 2972964 |l 5 |m 1 |o 370.78 ARN 1992 |p 2972964 |r 2024-10-22 |s 2024-09-03 |w 2019-11-15 |y BK |k EDU | ||